000 00308nam a22001217a 4500
008 230704b xxu||||| |||| 00| 0 eng d
082 _a338.9567
_bSAL
100 _cLord Salter
245 _amemories of a Public Servant
260 _alondon
_bFaber and Faber limited
_c1961
300 _a351p
942 _2ddc
_cBK
999 _c3551
_d3551